000 00688nam a2200229Ia 4500
001 706
003 GE_BSU
008 181216s||||||||xx |||||||||||||| ||und||
020 _a9789991032806
040 _cGE_BSU
080 _a338.48(075.8)
100 _aმეტრეველი, მარინ
245 _aტურიზმის ეკონომიკა და პოლიტიკა
245 _b(I-ლი გამოც.).
260 _aთბილისი
260 _c2011
300 _a410 გვ.
541 _h20 ლ.
653 _aსახელმძღვანელო
653 _aტურიზმის ეკონომიკ
942 _cBK
999 _c34885
_d34885